Το δίκαιο της ταφής στο Βυζάντιο
Αποθηκεύτηκε σε:
| Κύριος συγγραφέας: | |
|---|---|
| Μορφή: | Βιβλίο |
| Γλώσσα: | Greek |
| Δημοσίευση: |
Αθήνα :
Εκδόσεις Αντ. Ν. Σάκκουλα,
1989
|
| Σειρά: | Forschungen zur byzantinischen Rechtsgeschichte
|
| Θέματα: | |
| Ετικέτες: |
Προσθήκη ετικέτας
Δεν υπάρχουν, Καταχωρήστε ετικέτα πρώτοι!
|
MARC
| LEADER | 00000nam a2200000 i 4500 | ||
|---|---|---|---|
| 001 | 1/92214 | ||
| 008 | 991111s1989 gre d | ||
| 035 | |l 10053958 | ||
| 040 | |a GR-MY-UA |b gre |e aacr | ||
| 041 | 0 | |a gre | |
| 082 | 0 | |a 393.09495 | |
| 100 | 1 | |a Εμμανουηλίδης, Νίκος Ελ. | |
| 245 | 1 | 3 | |a Το δίκαιο της ταφής στο Βυζάντιο / |c Νίκος Ελ. Εμμανουηλίδης |
| 260 | |a Αθήνα : |b Εκδόσεις Αντ. Ν. Σάκκουλα, |c 1989 | ||
| 300 | |a 586 σ. | ||
| 490 | 1 | |a Forschungen zur buzantinischen Rechtsgeschichte | |
| 650 | 0 | 0 | |a Burial laws |z Byzantine Empire. |
| 650 | 0 | 0 | |a Burial |z Byzantine Empire. |
| 830 | 0 | |a Forschungen zur byzantinischen Rechtsgeschichte | |
| 852 | |a INST |b LESVOS |e 19991111 |h 393.09495 ΕΜΜ |p 005100022831 |q 005100022831 |t BK |y 0 | ||
| 901 | |a BIBL1-1999-3 | ||
| 909 | |a Λ |b 065039 | ||
| 922 | |a 1ΕΛΗ |b 199903 |c ΚΠΣ/ΤΚΑ |d EMVASIS | ||
| 950 | |a 117-1998-01-28 | ||
| 970 | |z 2000/05/ΟΙΚΟΝΟΜΟΠΟΥΛΟΥ ΧΡΙΣΤΙΝΑ | ||
| 970 | |a ΤΖΑΦΕΡΗ |b ΕΥΑΓΓΕΛΙΑ |z 1999/11/15 | ||